000 01042nam0a22002411 4500
001 rc\2950715
005 20250529233949.0
035 _a(NLR Aleph) 007098355
090 _a6644824
_c6644824
100 _a20110830d1939 |||y0rusy50 ca
101 0 _arus
102 _aRU
105 _aa z |||||
200 1 _aРуководство к лабораторным работам по курсу сульфитных щелоков
_e[Методы произв. контроля при выработке спирта]
_fканд. техн. наук Ф.А. Сартания
_gПод ред. проф. В.И. Шаркова
_gНауч.-метод. кабинет при Лесотех. акад. им. С. М. Кирова
210 _aЛенинград
_cБ. и.
_d1939
215 _a108 с.
_cчерт.
_d20 см
700 1 _aСартания
_bФ.А.
_gФлавиан Алексеевич
702 1 _aШарков
_bВ.И.
_4340
801 0 _aRU
_bNLR
_gpsbo
801 1 _aRU
_bELAR
_2rusmarc
852 _aNLR
_j39-3/617
942 _cBOOK
980 _aNB